|
|
|
|
| LEADER |
00000nam0a2200000 4500 |
| 001 |
253189 |
| 005 |
20231101232823.0 |
| 010 |
|
|
|a 5724503573
|
| 035 |
|
|
|a (RuTPU)RU\TPU\book\275575
|
| 090 |
|
|
|a 253189
|
| 100 |
|
|
|a 20140312d1989 k y0rusy50 ca
|
| 101 |
1 |
|
|a rus
|c eng
|
| 102 |
|
|
|a RU
|
| 105 |
|
|
|a a z 001zy
|
| 200 |
1 |
|
|a Новые пути органического синтеза. Практическое использование переходных металлов
|e пер. с англ.
|f Х. М. Колхаун [и др.]
|
| 210 |
|
|
|a Москва
|c Химия
|d 1989
|
| 215 |
|
|
|a 400 с.
|c ил.
|
| 320 |
|
|
|a Библиогр.: с. 375-400.
|
| 606 |
1 |
|
|a Переходные металлы
|x Применение в органическом синтезе
|2 stltpush
|3 (RuTPU)RU\TPU\subj\32406
|9 54965
|
| 610 |
1 |
|
|a органический синтез
|
| 610 |
1 |
|
|a углерод-углеродные связи
|
| 610 |
1 |
|
|a карбоциклические соединения
|
| 610 |
1 |
|
|a гетероциклические соединения
|
| 610 |
1 |
|
|a образование
|
| 610 |
1 |
|
|a изомеризация
|
| 610 |
1 |
|
|a карбонильные группы
|
| 610 |
1 |
|
|a карбонильные группы
|
| 610 |
1 |
|
|a введение
|
| 610 |
1 |
|
|a удаление
|
| 610 |
1 |
|
|a удаление
|
| 610 |
1 |
|
|a восстановление
|
| 610 |
1 |
|
|a окисление
|
| 610 |
1 |
|
|a катализаторы
|
| 610 |
1 |
|
|a получение
|
| 675 |
|
|
|a 661.7
|v 3
|
| 701 |
|
1 |
|a Колхаун
|b Х. М.
|
| 701 |
|
1 |
|a Холтон
|b Д.
|
| 701 |
|
1 |
|a Томпсон
|b Д.
|
| 701 |
|
1 |
|a Твигг
|b М.
|
| 801 |
|
1 |
|a RU
|b 63413507
|c 20140312
|
| 801 |
|
2 |
|a RU
|b 63413507
|c 20140517
|g RCR
|
| 942 |
|
|
|c BK
|